Spon's Asia Pacific construction cost handbook (Record no. 82283)
[ view plain ]
| 000 -LEADER | |
|---|---|
| fixed length control field | 01258cab a22002655a 4500 |
| 001 - CONTROL NUMBER | |
| control field | L149821 |
| 008 - FIXED-LENGTH DATA ELEMENTS--GENERAL INFORMATION | |
| fixed length control field | 100430e2010 xxk 001 0 eng d |
| 020 ## - INTERNATIONAL STANDARD BOOK NUMBER | |
| International Standard Book Number | 9780415465656 |
| 035 ## - SYSTEM CONTROL NUMBER | |
| System control number | (Sirsi) u149821 |
| 041 0# - LANGUAGE CODE | |
| Language code of text/sound track or separate title | eng |
| 050 ## - LIBRARY OF CONGRESS CALL NUMBER | |
| Classification number | 692.5095 $2 18 |
| 050 ## - LIBRARY OF CONGRESS CALL NUMBER | |
| Classification number | 692.5095 $2 18 |
| 110 2# - MAIN ENTRY--CORPORATE NAME | |
| Corporate name or jurisdiction name as entry element | Davis Langdon |
| 9 (RLIN) | 4649 |
| 245 00 - TITLE STATEMENT | |
| Title | Spon's Asia Pacific construction cost handbook |
| Medium | [electronic resource] |
| 250 ## - EDITION STATEMENT | |
| Edition statement | 4th ed |
| 260 ## - PUBLICATION, DISTRIBUTION, ETC. | |
| Place of publication, distribution, etc. | Oxon |
| Name of publisher, distributor, etc. | Davis Langdon |
| Date of publication, distribution, etc. | 2010 |
| 505 ## - FORMATTED CONTENTS NOTE | |
| Formatted contents note | The construction industry in the Asia Pacific region -- Introductory notes to country sections -- Individual countries -- Amplified descriptions of construction items -- Introductory notes -- Key national indicators -- Construction output indicators -- Construction cost data |
| 520 ## - SUMMARY, ETC. | |
| Summary, etc. | This book is regarding construction costs in the Asia Pacific region. This edition has been extended to include Pakistan and Cambodia. Information can be found on Austrilia, UK, and North America |
| 520 ## - SUMMARY, ETC. | |
| Summary, etc. | Superseded by 5th edition (ISBN 9781482243581). |
| 650 24 - SUBJECT ADDED ENTRY--TOPICAL TERM | |
| Topical term or geographic name entry element | EBOOK |
| 651 #4 - SUBJECT ADDED ENTRY--GEOGRAPHIC NAME | |
| Geographic name | United Kingdom |
| Chronological subdivision | |
| 690 ## - LOCAL SUBJECT ADDED ENTRY--TOPICAL TERM (OCLC, RLIN) | |
| Topical term or geographic name as entry element | BUILT ENVIRONMENT-BUILDING COSTS |
| 856 40 - ELECTRONIC LOCATION AND ACCESS | |
| Uniform Resource Identifier | <a href="https://www.vlebooks.com/">https://www.vlebooks.com/</a> |
| Public note | View on VLEbooks. Logins for members only from [email protected] |
| 942 ## - ADDED ENTRY ELEMENTS (KOHA) | |
| Suppress in OPAC | 0 |
| Withdrawn status | Lost status | Damaged status | Not for loan | Home library | Current library | Shelving location | Date acquired | Total Checkouts | Full call number | Barcode | Date last seen | Copy number | Price effective from | Koha item type | Source of classification or shelving scheme |
|---|---|---|---|---|---|---|---|---|---|---|---|---|---|---|---|
| Missing from bundle | London | London | Basement | 30/04/2010 | BASEMENT | 30075607 | 06/08/2019 | 1 | 06/08/2019 | Book | |||||
| Virtual | Virtual | Online | 26/09/2012 | EBOOK | 149821-1001 | 06/08/2019 | 1 | 06/08/2019 | Book | Dewey Decimal Classification |